| 000 | 00901nam a22002897a 4500 | ||
|---|---|---|---|
| 001 | 8237 | ||
| 003 | FISKH | ||
| 005 | 20250904115141.0 | ||
| 008 | 250904b cb ||||| |||| 00| 0 eng d | ||
| 020 | _a9780736844543 | ||
| 040 |
_aFISKH _beng _cFISKH _dFISKH |
||
| 050 | _aGB601.2 .S37 | ||
| 082 | _a551.44 | ||
| 100 | _aSchuh, Mari C. | ||
| 245 |
_aWhat are caves ? / _cBy Mari C. Schuh , Gail Sounders-Smith , Ph.D. Consulting Editor |
||
| 260 |
_aMinnesota : _bPebble Books , _c2002. |
||
| 300 |
_a24 pages : _bcolor illustrations ; _c18 cm . |
||
| 490 | _aEarth Features | ||
| 505 | _aK | ||
| 520 | _aSimple text and photographs introduce caves and their features. | ||
| 521 | 8 |
_a510
_bLexile estimate |
|
| 521 | 8 |
_aK
_bRaz-Plus |
|
| 650 |
_aCaves _vJuvenile Literature |
||
| 700 |
_aSounders-Smith, Gail _eConsulting Editor |
||
| 942 |
_2ddc _cBK _n0 |
||
| 999 |
_c8237 _d8237 |
||